|
|
|
|
| LEADER |
02079nam a22003854a 4500 |
| 001 |
31915 |
| 003 |
BD-DhAAL |
| 005 |
20220104112331.0 |
| 008 |
170712s2014 maua 001 0 eng |
| 999 |
|
|
|c 38206
|d 38206
|
| 010 |
|
|
|a 2005045835
|
| 020 |
|
|
|a 1292039647
|
| 020 |
|
|
|a 9781292039640
|
| 040 |
|
|
|a DLC
|c DLC
|d DLC
|d BD-DhAAL
|
| 050 |
0 |
0 |
|a QH323.5
|b .T75 2006
|
| 082 |
0 |
0 |
|a 570.15195
|2 22
|
| 100 |
1 |
|
|a Triola, Marc M.
|9 21783
|
| 245 |
1 |
0 |
|a Biostatistics for the biological and health sciences /
|c Marc M. Triola, Mario F. Triola.
|
| 250 |
|
|
|a First edition
|
| 260 |
|
|
|a Harlow :
|b Pearson Education Limited,
|c 2014
|
| 300 |
|
|
|a xix, 636 pages :
|b illustrations (chiefly col.) ;
|c 27 cm. +
|e 1 CD-ROM (4 3/4 in.)
|
| 500 |
|
|
|a Includes index
|
| 526 |
|
|
|a PHR
|
| 541 |
|
|
|e 31915, 31916, 31917
|
| 650 |
|
0 |
|a Biometry.
|9 21784
|
| 650 |
|
0 |
|a Medical statistics.
|9 21785
|
| 650 |
|
0 |
|a Pharmacy.
|9 44152
|
| 700 |
1 |
|
|a Triola, Mario F.
|9 21786
|
| 942 |
|
|
|2 ddc
|c BK
|
| 952 |
|
|
|0 0
|1 0
|2 ddc
|4 0
|6 570_151950000000000_TRI
|7 0
|9 60894
|a BRACUL
|b BRACUL
|c GEN
|d 2017-07-05
|e Karim International
|g 5900.00
|l 4
|m 51
|o 570.15195 TRI
|p 3010031915
|r 2023-09-11
|s 2023-05-28
|t 1
|v 5900.00
|w 2017-07-05
|y BK
|
| 952 |
|
|
|0 0
|1 0
|2 ddc
|4 0
|6 570_151950000000000_TRI
|7 0
|9 60895
|a BRACUL
|b BRACUL
|c GEN
|d 2017-07-05
|e Karim International
|g 5900.00
|l 2
|m 17
|o 570.15195 TRI
|p 3010031916
|r 2020-01-26
|s 2019-12-09
|t 2
|v 5900.00
|w 2017-07-05
|y BK
|
| 952 |
|
|
|0 0
|1 0
|2 ddc
|4 0
|6 570_151950000000000_TRI
|7 0
|9 60896
|a BRACUL
|b BRACUL
|c GEN
|d 2017-07-05
|e Karim International
|g 5900.00
|l 5
|m 33
|o 570.15195 TRI
|p 3010031917
|q 2026-06-02
|r 2026-03-04
|s 2026-03-04
|t 3
|v 5900.00
|w 2017-07-05
|y BK
|
| 952 |
|
|
|0 0
|1 0
|2 ddc
|4 0
|6 570_151950000000000_TRI
|7 0
|9 60912
|a BRACUL
|b BRACUL
|c AV
|d 2017-07-17
|l 0
|o 570.15195 TRI
|p 4010031917
|r 2017-07-17
|t 3
|w 2017-07-17
|y AV
|
| 952 |
|
|
|0 0
|1 0
|2 ddc
|4 0
|6 570_151950000000000_TRI
|7 0
|9 60913
|a BRACUL
|b BRACUL
|c AV
|d 2017-07-17
|l 0
|o 570.15195 TRI
|p 4010031915
|r 2017-07-17
|t 1
|w 2017-07-17
|y AV
|
| 952 |
|
|
|0 0
|1 0
|2 ddc
|4 0
|6 570_151950000000000_TRI
|7 0
|9 60914
|a BRACUL
|b BRACUL
|c AV
|d 2017-07-17
|l 0
|o 570.15195 TRI
|p 4010031916
|r 2017-07-17
|t 2
|w 2017-07-17
|y AV
|